[Event "FIDE World Rapid Team"]
[Site "London ENG"]
[Date "2025.06.12"]
[Round "8.6"]
[White "Mani, Sarbartho"]
[Black "Aiten, Islam"]
[Result "1-0"]
[WhiteElo "1847"]
[BlackElo "1950"]
[WhiteTeam "Freedom"]
[BlackTeam "KazChess"]
[WhiteFideId "366112022"]
[BlackFideId "13749420"]
[EventDate "2025.06.11"]
[EventType "team"]

1. d4 Nf6 2. Nf3 g6 3. g3 Bg7 4. Bg2 O-O 5. O-O d6 6. Re1 c5 7. dxc5 dxc5 8.
Qxd8 Rxd8 9. c3 Nc6 10. Be3 Nd7 11. Na3 b6 12. Nd4 cxd4 13. Bxc6 dxe3 14. Bxa8
exf2+ 15. Kxf2 Ne5 16. Rad1 Bd7 17. Bf3 Rc8 18. Rd2 e6 19. Red1 Rc7 20. Nc2 Bf8
21. Nb4 Bb5 22. Rd8 Kg7 23. Nd3 Nxf3 24. exf3 Be7 25. Rd4 e5 26. Rd5 Bc4 27.
Rxe5 Bxa2 28. Nb4 Bc4 29. Kg2 Bxb4 30. cxb4 Be6 31. Rd2 Rc1 32. Re3 Rc4 33. Ra3
Rxb4 34. Rxa7 b5 35. Ra1 Rc4 36. Kf2 Rc5 37. Ra5 Bc4 38. Rc2 Rf5 39. Rxc4 bxc4
40. Rxf5 gxf5 41. Ke3 Kf6 42. Kd4 Ke6 43. Kxc4 Ke5 44. b4 f4 45. b5 fxg3 46.
hxg3 f5 47. Kc5 f4 48. g4 1-0

[Event "FIDE World Rapid Team"]
[Site "London ENG"]
[Date "2025.06.12"]
[Round "8.1"]
[White "McShane, Luke J"]
[Black "Keymer, Vincent"]
[Result "0-1"]
[WhiteTitle "GM"]
[BlackTitle "GM"]
[WhiteElo "2615"]
[BlackElo "2730"]
[WhiteTeam "Malcolm's Mates"]
[BlackTeam "Germany and Friends"]
[WhiteFideId "404853"]
[BlackFideId "12940690"]
[EventDate "2025.06.11"]
[EventType "team"]

1. e4 c5 2. Nf3 d6 3. d4 cxd4 4. Nxd4 Nf6 5. Nc3 a6 6. Be2 e5 7. Nb3 Be7 8. Bg5
Be6 9. Bxf6 Bxf6 10. Qd3 Be7 11. O-O-O Nd7 12. Nd5 Bxd5 13. Qxd5 Qc7 14. Kb1 O-O
15. Nd2 b5 16. Nf1 Nf6 17. Qd3 d5 18. exd5 e4 19. Qb3 Bc5 20. Ne3 Qf4 21. Rhf1
Qxh2 22. g3 Rfd8 23. Qc3 Rac8 24. Ng4 Nxg4 25. Bxg4 b4 26. Qe5 Re8 27. Qf4 Rcd8
28. d6 Qh6 29. d7 Re7 30. Qxh6 gxh6 31. Rd5 Ba7 32. Rd6 h5 33. Bh3 Re5 34. Rxa6
Bc5 35. Rf6 Kg7 36. Rf5 Rxf5 37. Bxf5 Kf6 38. Bh3 Kg6 39. f3 e3 40. Rd1 e2 41.
Re1 f5 42. Rxe2 Rxd7 43. Kc1 Kf6 44. Bf1 Bd6 45. Rg2 h4 46. Bb5 Rd8 47. f4 hxg3
48. Kd2 Bxf4+ 49. Ke2 h5 50. Kf3 Be5 51. Rg1 Rd2 52. Be2 Rxc2 0-1

[Event "FIDE World Rapid Team"]
[Site "London ENG"]
[Date "2025.06.12"]
[Round "8.2"]
[White "Svane, Rasmus"]
[Black "Maroroa Jones, Gawain C B"]
[Result "1/2-1/2"]
[WhiteTitle "GM"]
[BlackTitle "GM"]
[WhiteElo "2626"]
[BlackElo "2653"]
[WhiteTeam "Germany and Friends"]
[BlackTeam "Malcolm's Mates"]
[WhiteFideId "4657101"]
[BlackFideId "409561"]
[EventDate "2025.06.11"]
[EventType "team"]

1. d4 Nf6 2. Nf3 g6 3. Nbd2 d5 4. b3 Bg7 5. Bb2 O-O 6. e3 Nbd7 7. Be2 c5 8. O-O
b6 9. a4 Bb7 10. a5 Qc7 11. Ra2 cxd4 12. Nxd4 bxa5 13. Qa1 a6 14. Rc1 e5 15.
N4f3 Rfe8 16. c3 a4 17. Rxa4 a5 18. b4 axb4 19. cxb4 1/2-1/2

[Event "FIDE World Rapid Team"]
[Site "London ENG"]
[Date "2025.06.12"]
[Round "8.3"]
[White "Vitiugov, Nikita"]
[Black "Svane, Frederik"]
[Result "0-1"]
[WhiteTitle "GM"]
[BlackTitle "GM"]
[WhiteElo "2671"]
[BlackElo "2667"]
[WhiteTeam "Malcolm's Mates"]
[BlackTeam "Germany and Friends"]
[WhiteFideId "4152956"]
[BlackFideId "12923044"]
[EventDate "2025.06.11"]
[EventType "team"]

1. d4 Nf6 2. c4 e6 3. Nc3 Bb4 4. e3 O-O 5. Bd3 c5 6. Ne2 Nc6 7. O-O d5 8. cxd5
exd5 9. a3 c4 10. Bc2 Ba5 11. f3 a6 12. Kh1 Re8 13. Qe1 h6 14. Qh4 b5 15. g4 b4
16. axb4 Nxb4 17. Bb1 Bc7 18. g5 Nh7 19. Bxh7+ Kxh7 20. e4 Be6 21. Rg1 Bd6 22.
Bf4 Bf8 23. Qg3 g6 24. gxh6 Nd3 25. Bg5 Be7 26. Bxe7 Qxe7 27. Nf4 Qf6 28. Ncxd5
Bxd5 29. Nxd5 Qxd4 30. Rg2 Ra7 31. Rf1 Rb7 32. Qd6 Re6 33. Qf8 Nxb2 34. Nf4 Rd6
35. Ne2 Qf6 36. f4 Rd8 37. Qc5 Qe7 38. Qg1 Qxe4 39. Ng3 Qc6 40. f5 Rd2 41. fxg6+
fxg6 42. Rf2 c3 43. Nf1 Nd3 0-1

[Event "FIDE World Rapid Team"]
[Site "London ENG"]
[Date "2025.06.12"]
[Round "8.4"]
[White "Kollars, Dmitrij"]
[Black "Saric, Ivan"]
[Result "1/2-1/2"]
[WhiteTitle "GM"]
[BlackTitle "GM"]
[WhiteElo "2633"]
[BlackElo "2661"]
[WhiteTeam "Germany and Friends"]
[BlackTeam "Malcolm's Mates"]
[WhiteFideId "12909572"]
[BlackFideId "14508150"]
[EventDate "2025.06.11"]
[EventType "team"]

1. e4 c5 2. Nf3 Nc6 3. Bb5 g6 4. Bxc6 dxc6 5. d3 Qc7 6. Nc3 e5 7. O-O f6 8. a4
a5 9. Be3 Nh6 10. h3 Nf7 11. Nd2 Be6 12. Ne2 O-O-O 13. Qe1 g5 14. b3 b6 15. Nc4
Nd6 16. Ng3 h5 17. Qe2 h4 18. Nxd6+ Bxd6 19. Nf5 Qd7 20. Nxd6+ Qxd6 21. f3 Kb7
22. Qf2 Ra8 23. Rab1 Rhd8 24. Rfd1 Qe7 25. Rd2 Rd7 26. Kh1 Qd8 27. Qe2 Qe7 28.
Qe1 Qd8 29. Qd1 Qe7 30. Qg1 Qd8 31. Rdd1 Qe7 32. Rb2 Qd8 33. Ra1 Ra6 34. Qf2 Qe7
35. Qe2 Qd8 36. Rd1 Ra8 37. Rd2 Qe7 38. Qf1 Qd8 39. Qb1 Qe7 40. Kh2 Rad8 41. Qe1
Ra8 42. Bf2 Qd8 43. Qe3 Qe7 44. Rd1 Ra6 45. Rdb1 Qd8 46. Rd1 Qe7 47. Rd2 Ra8 48.
Rb1 Qd8 49. c3 Qc7 50. Kg1 Qd8 51. Rbb2 Qc7 52. Kh1 Qd8 53. Rb1 1/2-1/2

[Event "FIDE World Rapid Team"]
[Site "London ENG"]
[Date "2025.06.12"]
[Round "8.5"]
[White "Bulmaga, Irina"]
[Black "Wagner, Dinara"]
[Result "1/2-1/2"]
[WhiteTitle "IM"]
[BlackTitle "IM"]
[WhiteElo "2393"]
[BlackElo "2404"]
[WhiteTeam "Malcolm's Mates"]
[BlackTeam "Germany and Friends"]
[WhiteFideId "13903063"]
[BlackFideId "24157570"]
[EventDate "2025.06.11"]
[EventType "team"]

1. e4 c5 2. c3 d5 3. exd5 Qxd5 4. d4 Nf6 5. Nf3 Nc6 6. Be3 Bg4 7. Be2 e6 8. O-O
cxd4 9. Nxd4 Bxe2 10. Qxe2 Nxd4 11. Bxd4 Be7 12. Nd2 O-O 13. Nf3 Qe4 14. Qd1
Rfd8 15. Re1 Qc6 16. Qb3 b6 17. a4 Bc5 18. a5 Bxd4 19. Nxd4 Qc5 20. axb6 axb6
21. Rxa8 Rxa8 22. h3 h6 23. Qb5 Ra2 24. Qe2 Ra8 1/2-1/2

[Event "FIDE World Rapid Team"]
[Site "London ENG"]
[Date "2025.06.12"]
[Round "8.6"]
[White "Lobkin, Bohdan"]
[Black "Soulier, Alfred"]
[Result "1-0"]
[WhiteElo "1900"]
[BlackElo "1911"]
[WhiteTeam "Germany and Friends"]
[BlackTeam "Malcolm's Mates"]
[WhiteFideId "34115552"]
[BlackFideId "486264"]
[EventDate "2025.06.11"]
[EventType "team"]

1. e4 c5 2. d4 cxd4 3. Qxd4 Nc6 4. Qd3 d6 5. Nc3 Nf6 6. Nf3 e6 7. Bf4 a6 8. Rd1
e5 9. Bg5 Be6 10. Nd5 Bxd5 11. exd5 Ne7 12. Qb3 Qa5+ 13. c3 Qc7 14. Nxe5 Ng6 15.
Nf3 Be7 16. h4 h5 17. Bd3 O-O 18. Bxg6 fxg6 19. Nd4 Rfe8 20. O-O Ng4 21. Ne6 Qd7
22. Rde1 Bxg5 23. hxg5 Ne5 24. Re4 Nf7 25. Rb4 Rab8 26. Rb6 Qe7 27. f4 Nd8 28.
Re1 Qd7 29. Qb4 Nf7 30. Qe4 Kh7 31. f5 Ne5 32. fxg6+ Kg8 33. Qf5 Rf8 34. Qh3
Nxg6 35. Nxf8 Qxh3 36. gxh3 Rxf8 37. Rxd6 Nf4 38. Rf1 Nxh3+ 39. Kg2 Nf4+ 40. Kh2
h4 41. c4 Ng6 42. Rxf8+ Nxf8 43. c5 Kf7 44. Rb6 Ke7 45. Rxb7+ Kd8 46. Rb8+ Ke7
47. d6+ Kf7 48. c6 Ne6 49. c7 1-0

[Event "FIDE World Rapid Team"]
[Site "London ENG"]
[Date "2025.06.12"]
[Round "8.1"]
[White "Shirov, Alexei"]
[Black "Abdusattorov, Nodirbek"]
[Result "1/2-1/2"]
[WhiteTitle "GM"]
[BlackTitle "GM"]
[WhiteElo "2620"]
[BlackElo "2767"]
[WhiteTeam "Global Ramblers"]
[BlackTeam "Uzbekistan"]
[WhiteFideId "2209390"]
[BlackFideId "14204118"]
[EventDate "2025.06.11"]
[EventType "team"]

1. e4 c5 2. Nf3 g6 3. c4 Nc6 4. d4 cxd4 5. Nxd4 Bg7 6. Be3 Qb6 7. Nb3 Qd8 8. Nd4
Qb6 9. Nb3 Qc7 10. Qd2 Nf6 11. Nc3 d6 12. Be2 O-O 13. Rc1 Be6 14. Nd5 Qd8 15. f3
Nd7 16. c5 a5 17. cxd6 exd6 18. Bg5 Nf6 19. a4 Bxd5 20. exd5 Nb4 21. O-O h6 22.
Bh4 Na2 23. Rc4 Re8 24. Nd4 Nb4 25. Nb5 Na6 26. Bg3 Bf8 27. Rd1 Nc5 28. Rxc5 Qb6
29. Bf2 dxc5 30. Bc4 Rad8 31. d6 Bg7 32. Qc2 g5 33. Qf5 Qc6 34. b3 b6 35. Nc7
Rxd6 36. Rxd6 Qxd6 37. Nxe8 Qd1+ 38. Bf1 Nxe8 39. Qc8 Kf8 40. Qb8 Bd4 41. Qxb6
Bxf2+ 42. Kxf2 Qd4+ 43. Ke2 Nd6 44. Qxa5 c4 45. bxc4 Nxc4 46. Qb4+ Kg8 47. Ke1
Qa1+ 48. Kf2 Qd4+ 49. Ke1 Qe5+ 50. Be2 Ne3 51. Kf2 Nc2 52. Qe4 Qc5+ 53. Kg3 Nd4
54. Bd3 Kf8 55. h4 Ne6 56. hxg5 hxg5 57. Qf5 Qd6+ 58. Kg4 Qd4+ 59. Qe4 Qf2 60.
g3 Qc5 61. Qc4 Qe5 62. Qe4 Qc5 63. Bc4 Nc7 64. f4 Ne8 65. fxg5 Nd6 66. Qa8+ Kg7
67. Bd5 Qc2 68. Kh3 Qh7+ 69. Kg2 Qc2+ 70. Kh3 Qf5+ 71. Kg2 Qxg5 72. Qc6 Qd2+ 73.
Kh3 Qh6+ 74. Kg2 Qd2+ 75. Kh3 Nf5 76. Bxf7 Kxf7 77. Qc4+ Kf6 78. Qf4 Qd1 79. Kh2
Qe2+ 80. Kh3 Qd1 81. Kh2 Kg6 82. Qe4 Qd2+ 83. Kh3 Qh6+ 84. Kg2 Qd2+ 85. Kh3 Qd6
86. Qg4+ Kf6 87. Qf4 Qd5 88. Kh2 Ke6 89. Qg4 Ke7 90. Qg5+ Kd7 91. Qg4 Kc6 92.
Qf4 Qd3 93. Kh3 Ne3 94. Qf3+ Kc5 95. g4 Qh7+ 96. Kg3 Nd5 97. g5 Qc7+ 98. Kg4
Qd7+ 99. Qf5 Qxa4+ 100. Kh5 Qd1+ 101. Kh6 Qh1+ 102. Kg7 Kd6 103. g6 Qa1+ 104.
Kh6 Qc1+ 105. Kg7 Qc3+ 106. Kh7 Nf6+ 107. Kh6 Ke7 108. g7 Qc6 109. g8=Q Qh1+
110. Kg6 Qg2+ 111. Qg5 Qxg5+ 112. Kxg5 Nxg8 1/2-1/2

[Event "FIDE World Rapid Team"]
[Site "London ENG"]
[Date "2025.06.12"]
[Round "8.2"]
[White "Sindarov, Javokhir"]
[Black "Dudin, Gleb"]
[Result "1-0"]
[WhiteTitle "GM"]
[BlackTitle "GM"]
[WhiteElo "2710"]
[BlackElo "2574"]
[WhiteTeam "Uzbekistan"]
[BlackTeam "Global Ramblers"]
[WhiteFideId "14205483"]
[BlackFideId "34184934"]
[EventDate "2025.06.11"]
[EventType "team"]

1. e4 c5 2. Nf3 d6 3. d4 cxd4 4. Nxd4 Nf6 5. Nc3 Nc6 6. Bc4 e6 7. Be3 Bd7 8. a3
Be7 9. O-O O-O 10. Ba2 a6 11. Kh1 b5 12. f4 Qc7 13. f5 Nxd4 14. Qxd4 Ng4 15. Bf4
Rad8 16. Qd3 Ne5 17. Qh3 Nc4 18. Rf3 Bf6 19. Bxc4 bxc4 20. Rd1 Bc8 21. Qg3 Qb7
22. Bxd6 Bxc3 23. Rxc3 exf5 24. Rf1 Rfe8 25. Be5 g6 26. Bf6 Qxe4 27. Bxd8 Rxd8
28. Re1 Qb7 29. Qh4 Rf8 30. Qxc4 Be6 31. Qb4 Qa8 32. Rd3 Bd5 33. Qd2 Be4 34. Rd4
h5 35. b4 h4 36. h3 Qc6 37. c4 Qf6 38. c5 Re8 39. Kg1 Kh7 40. a4 Qe5 41. Qf2 a5
42. Rd7 axb4 43. Rxf7+ Kg8 44. Rd7 b3 45. c6 b2 46. Rb7 Qc3 47. Rxb2 Qxc6 48. a5
Qc4 49. Rb6 Kf7 50. Qxh4 Qc5+ 51. Kh2 Qe5+ 52. Qg3 f4 53. Qb3+ Kf8 54. Qb2 1-0

[Event "FIDE World Rapid Team"]
[Site "London ENG"]
[Date "2025.06.12"]
[Round "8.3"]
[White "Shabalov, Alexander"]
[Black "Yakubboev, Nodirbek"]
[Result "0-1"]
[WhiteTitle "GM"]
[BlackTitle "GM"]
[WhiteElo "2483"]
[BlackElo "2659"]
[WhiteTeam "Global Ramblers"]
[BlackTeam "Uzbekistan"]
[WhiteFideId "2008572"]
[BlackFideId "14203987"]
[EventDate "2025.06.11"]
[EventType "team"]

1. e4 c5 2. Nf3 d6 3. d4 cxd4 4. Nxd4 Nf6 5. Nc3 a6 6. f4 e5 7. Nf3 Nbd7 8. a4
Qc7 9. a5 Nc5 10. Nd5 Nxd5 11. exd5 Bg4 12. h3 Bd7 13. Be2 Be7 14. O-O O-O 15.
Ra3 b5 16. Qe1 e4 17. Nd4 Qb7 18. c4 Bf6 19. Nb3 Nd3 20. Bxd3 exd3 21. Nd2 Bd4+
22. Kh2 bxc4 23. Qe4 Bc5 24. Rc3 Rfe8 25. Qxc4 Bb5 26. Qb3 Rab8 27. Nc4 Qxd5 28.
Rf3 Re2 29. Nd2 Qd4 30. Rf1 Rbe8 31. Nf3 Qe4 32. Rxc5 dxc5 33. Bd2 c4 34. Qc3
Bc6 0-1

[Event "FIDE World Rapid Team"]
[Site "London ENG"]
[Date "2025.06.12"]
[Round "8.4"]
[White "Vokhidov, Shamsiddin"]
[Black "Mesropov, Konstantin"]
[Result "1-0"]
[WhiteTitle "GM"]
[BlackTitle "IM"]
[WhiteElo "2644"]
[BlackElo "2458"]
[WhiteTeam "Uzbekistan"]
[BlackTeam "Global Ramblers"]
[WhiteFideId "14204223"]
[BlackFideId "4116887"]
[EventDate "2025.06.11"]
[EventType "team"]

1. e4 e6 2. d4 d5 3. Nc3 h6 4. a3 dxe4 5. Nxe4 Nf6 6. Nxf6+ Qxf6 7. Nf3 Bd6 8.
Be3 Bd7 9. g3 Bc6 10. Bg2 Nd7 11. c4 Be4 12. O-O c6 13. Re1 Bxf3 14. Bxf3 O-O
15. Bg2 Rfd8 16. Qc2 e5 17. d5 c5 18. Bd2 Re8 19. Bc3 Qg5 20. Bh3 Nf8 21. Re3
Re7 22. Rae1 Rae8 23. Qf5 Qxf5 24. Bxf5 g6 25. Bc2 b5 26. cxb5 f5 27. Kg2 Kf7
28. a4 Nd7 29. f3 c4 30. g4 Nf6 31. gxf5 gxf5 32. Bxf5 Nxd5 33. Re4 Nf4+ 34. Kf1
Rg8 35. Rxc4 Rg5 36. Bc2 Rh5 37. Bb3 Kf8 38. Rc6 Bc7 39. Bb4 1-0

[Event "FIDE World Rapid Team"]
[Site "London ENG"]
[Date "2025.06.12"]
[Round "8.5"]
[White "Zatonskih, Anna"]
[Black "Khamdamova, Afruza"]
[Result "1/2-1/2"]
[WhiteTitle "IM"]
[BlackTitle "WIM"]
[WhiteElo "2306"]
[BlackElo "2326"]
[WhiteTeam "Global Ramblers"]
[BlackTeam "Uzbekistan"]
[WhiteFideId "14101572"]
[BlackFideId "14210444"]
[EventDate "2025.06.11"]
[EventType "team"]

1. d4 d5 2. c4 e6 3. Nc3 Nf6 4. cxd5 exd5 5. Bg5 c6 6. e3 h6 7. Bh4 Be7 8. Bd3
O-O 9. Nf3 Ne4 10. Bxe7 Qxe7 11. Qc2 Re8 12. O-O Nd7 13. Rab1 a5 14. Rfe1 Ndf6
15. Ne5 Bf5 16. f3 Nxc3 17. bxc3 Bxd3 18. Qxd3 a4 19. c4 c5 20. Rb5 Rac8 21.
Reb1 cxd4 22. exd4 dxc4 23. Nxc4 Qe2 24. Qxe2 Rxe2 25. Rc5 Rxc5 26. dxc5 Nd7 27.
Rxb7 Nxc5 28. Rb8+ Kh7 29. a3 Nd3 30. Rb1 Rc2 31. Nb6 Nf4 32. g3 Ne2+ 33. Kh1
Rc3 34. Nxa4 Rxa3 35. Nc5 Rxf3 36. Kg2 Rf5 37. Nd3 Nc3 38. Rf1 Rxf1 39. Kxf1 Kg6
40. Kf2 Kf5 41. Kf3 Nb5 42. g4+ Kf6 43. h3 Nd4+ 44. Kg3 Ke6 45. Kf4 Kd5 46. h4
g6 47. Ke3 Ne6 48. Nb4+ Kd6 49. Ke4 Nc5+ 50. Kf4 Ke6 51. Nc2 Nd7 52. Nd4+ Kd5
53. Nf3 Nc5 54. Ke3 Ne6 55. Kd3 Nc7 56. Ke3 Nb5 57. Kd3 Nd6 58. Ke3 Ne8 59. Kf4
Ng7 60. Ke3 Ne6 61. Kd3 Nf8 62. Ke3 Nd7 63. Kf4 Nc5 64. Ke3 Ke6 65. Kf4 Nd3+ 66.
Ke4 Nc5+ 67. Kf4 Kd5 68. Ke3 Ne6 69. Kd3 g5 70. hxg5 hxg5 71. Ke3 f6 72. Nd2 Nc5
73. Nf1 Ne4 74. Nh2 Nd6 75. Nf1 Nc4+ 76. Kf3 Ne5+ 77. Kg3 Kd4 78. Nd2 Ke3 79.
Nb3 Nd7 80. Na5 Nc5 81. Nc4+ Kd3 82. Nb6 Ke2 83. Nd5 Ne4+ 84. Kg2 Kd3 85. Kf3
Kd4 86. Ne7 Nd2+ 87. Ke2 Nc4 88. Kf3 Ne5+ 89. Kg3 Ke4 90. Ng8 Nd7 91. Ne7 Nb6
92. Ng8 Nd5 93. Nh6 Ne7 94. Nf7 Nc8 95. Nh6 Nd6 96. Ng8 Ke5 97. Ne7 Ke6 98. Nc6
Kd5 99. Ne7+ Kd4 100. Kf3 Kd3 101. Nd5 Ne4 102. Nb4+ Kd4 103. Nc6+ Kd5 104. Nb4+
Ke5 105. Nc6+ 1/2-1/2

[Event "FIDE World Rapid Team"]
[Site "London ENG"]
[Date "2025.06.12"]
[Round "8.6"]
[White "Imomkuzieva, Nilufarkhon"]
[Black "Volkov, Leonid"]
[Result "1-0"]
[WhiteTitle "WFM"]
[WhiteElo "2066"]
[BlackElo "1828"]
[WhiteTeam "Uzbekistan"]
[BlackTeam "Global Ramblers"]
[WhiteFideId "14216736"]
[BlackFideId "12848140"]
[EventDate "2025.06.11"]
[EventType "team"]

1. e4 e5 2. Nf3 Nc6 3. Bc4 Nf6 4. d3 Be7 5. O-O d6 6. Re1 Bg4 7. c3 a6 8. a4 O-O
9. h3 Be6 10. Bxe6 fxe6 11. Nbd2 Nd7 12. Nf1 Qe8 13. b4 Qg6 14. Ra2 d5 15. exd5
exd5 16. N1h2 d4 17. Rae2 dxc3 18. b5 axb5 19. axb5 Nb4 20. Re4 Bd6 21. Rxb4
Bxb4 22. Qb3+ Kh8 23. Qxb4 Qxd3 24. Ng4 Rf5 25. Ngxe5 Nxe5 26. Nxe5 Rxe5 27.
Rxe5 Qd1+ 28. Kh2 Qxc1 29. Rc5 Qb2 30. Qxc3 Qxc3 31. Rxc3 Rc8 32. Kg3 Kg8 33.
Kf4 Kf7 34. Ke5 Ke7 35. Ra3 Kd7 36. f4 Re8+ 37. Kd4 Re6 38. g4 Rb6 39. Kc5 Rf6
40. Rd3+ Ke7 41. Rd4 Rh6 42. Rd3 Rf6 43. Rf3 Kd7 44. h4 Rh6 45. Rh3 Rf6 46. f5
g6 47. fxg6 Rxg6 48. g5 b6+ 49. Kd5 c6+ 50. bxc6+ Rxc6 51. Rf3 Rd6+ 52. Ke5 Ke7
53. Rc3 Kd7 54. h5 b5 55. Ra3 Rb6 56. Ra7+ Kc6 57. Rxh7 b4 58. Ra7 b3 59. Ra1 b2
60. Rb1 Kd7 61. h6 Ke7 62. h7 Rb5+ 63. Kf4 Rb8 64. Rxb2 1-0

[Event "FIDE World Rapid Team"]
[Site "London ENG"]
[Date "2025.06.12"]
[Round "8.1"]
[White "Nogerbek, Kazybek"]
[Black "Firouzja, Alireza"]
[Result "0-1"]
[WhiteTitle "GM"]
[BlackTitle "GM"]
[WhiteElo "2538"]
[BlackElo "2766"]
[WhiteTeam "Barys.kz"]
[BlackTeam "WR Chess Team"]
[WhiteFideId "13710427"]
[BlackFideId "12573981"]
[EventDate "2025.06.11"]
[EventType "team"]

1. d4 Nf6 2. c4 e6 3. Nf3 b6 4. a3 Bb7 5. Nc3 g6 6. d5 Bg7 7. e4 O-O 8. Be2 d6
9. O-O Nbd7 10. Be3 a5 11. Nd4 Nc5 12. Qc2 a4 13. Rad1 Nfd7 14. Kh1 e5 15. Ndb5
h5 16. Rg1 Kh7 17. Rdf1 Bh6 18. Bxh6 Kxh6 19. f4 exf4 20. Rxf4 Ne5 21. Rgf1 Bc8
22. Nd4 Bd7 23. Qd2 Kg7 24. Qe3 h4 25. h3 Qe7 26. Nf3 Nxf3 27. Qxf3 f5 28. exf5
Rxf5 29. Rxf5 Bxf5 30. Qf4 Rh8 31. Bd1 Bd3 32. Rf3 Qe1+ 33. Kh2 Qe5 34. Bxa4
Bxc4 35. Bc2 Rh5 36. Kg1 Qxf4 37. Rxf4 Bxd5 38. b4 Ne6 39. Rg4 Nf8 40. Nxd5 Rxd5
41. Rxh4 Rd2 42. Bb3 d5 43. Rg4 c5 44. bxc5 bxc5 45. Ba4 c4 46. Kf1 c3 47. Ke1
Ne6 48. Be8 g5 49. h4 Nf4 50. Rxg5+ Kf6 51. Ba4 Nxg2+ 52. Kf1 c2 53. Bxc2 Ne3+
54. Ke1 Rxc2 55. Rg8 d4 56. Rd8 Ke5 57. h5 Ke4 58. h6 Kd3 0-1

[Event "FIDE World Rapid Team"]
[Site "London ENG"]
[Date "2025.06.12"]
[Round "8.2"]
[White "Vachier-Lagrave, Maxime"]
[Black "Makhnev, Denis"]
[Result "1-0"]
[WhiteTitle "GM"]
[BlackTitle "GM"]
[WhiteElo "2736"]
[BlackElo "2531"]
[WhiteTeam "WR Chess Team"]
[BlackTeam "Barys.kz"]
[WhiteFideId "623539"]
[BlackFideId "13707647"]
[EventDate "2025.06.11"]
[EventType "team"]

1. e4 e5 2. Nf3 Nc6 3. Bb5 a6 4. Ba4 Nge7 5. c3 Ng6 6. d4 exd4 7. cxd4 d5 8.
exd5 Qxd5 9. Nc3 Qh5 10. d5 b5 11. dxc6 bxa4 12. O-O Bd6 13. Ne4 Be7 14. Qxa4
O-O 15. Bd2 Rb8 16. b3 Qd5 17. Rac1 f5 18. Nc3 Qf7 19. Rfe1 h6 20. Qc4 Qxc4 21.
bxc4 Ba3 22. Rcd1 Rb6 23. Nd4 Bc5 24. Na4 Bxd4 25. Nxb6 cxb6 26. Bb4 Bc5 27.
Bxc5 bxc5 28. c7 Kf7 29. Rd8 Ne7 30. Red1 Be6 31. R1d6 Bc8 32. f4 Re8 33. Kf2
Bb7 34. Rb6 Bc8 35. h4 h5 36. Rb8 Kf8 37. Ke1 a5 38. Kd2 Kf7 39. Kc3 a4 40. Kb2 1-0

[Event "FIDE World Rapid Team"]
[Site "London ENG"]
[Date "2025.06.12"]
[Round "8.4"]
[White "Duda, Jan-Krzysztof"]
[Black "Mamedov, Edgar"]
[Result "0-1"]
[WhiteTitle "GM"]
[BlackTitle "IM"]
[WhiteElo "2725"]
[BlackElo "2509"]
[WhiteTeam "WR Chess Team"]
[BlackTeam "Barys.kz"]
[WhiteFideId "1170546"]
[BlackFideId "13739980"]
[EventDate "2025.06.11"]
[EventType "team"]

1. e4 e5 2. Nf3 Nc6 3. Bb5 a6 4. Ba4 Nf6 5. O-O Be7 6. d3 b5 7. Bb3 O-O 8. c3 d5
9. exd5 Nxd5 10. h3 Bb7 11. Re1 Qd7 12. Nxe5 Nxe5 13. Rxe5 c5 14. Qg4 Qd6 15.
Re1 Rae8 16. Nd2 Nf6 17. Qd1 Qxd3 18. Nf3 Qxd1 19. Bxd1 Bd6 20. Kf1 Nd5 21. a4
b4 22. Bd2 Bf4 23. Rxe8 Rxe8 24. Be1 a5 25. Be2 Bc7 26. Rd1 Rd8 27. g3 Nb6 28.
b3 c4 29. Rxd8+ Bxd8 30. cxb4 cxb3 31. bxa5 b2 32. Nd2 Nxa4 33. a6 Ba8 34. f3
Bb6 35. Bf2 Ba5 36. Nb1 Kf8 37. Bd4 Bb6 38. Be5 f6 39. Bd6+ Kf7 40. Bc4+ Kg6 41.
Ke2 Ba5 42. Bd3+ Kf7 43. Bc4+ Kg6 44. Ke3 Nc3 0-1

[Event "FIDE World Rapid Team"]
[Site "London ENG"]
[Date "2025.06.12"]
[Round "8.5"]
[White "Balabayeva, Xeniya"]
[Black "Kosteniuk, Alexandra"]
[Result "1/2-1/2"]
[WhiteTitle "WGM"]
[BlackTitle "GM"]
[WhiteElo "2352"]
[BlackElo "2474"]
[WhiteTeam "Barys.kz"]
[BlackTeam "WR Chess Team"]
[WhiteFideId "13719688"]
[BlackFideId "4128125"]
[EventDate "2025.06.11"]
[EventType "team"]

1. d4 Nf6 2. Nf3 d5 3. Bf4 e6 4. e3 c5 5. c3 Nc6 6. Nbd2 cxd4 7. exd4 Nh5 8. Be3
Bd6 9. Bb5 Qb6 10. Qb3 O-O 11. O-O Bd7 12. Be2 Qc7 13. Ne5 Bxe5 14. dxe5 Qxe5
15. Qxb7 Rfd8 16. Qa6 Nf6 17. Nf3 Qc7 18. Nd4 Ne4 19. Nb5 Qe5 20. f4 Qb8 21. Qa3
a6 22. Nd4 Nxd4 23. Bxd4 Bb5 24. Bxb5 axb5 25. Qe7 Re8 26. Qh4 f6 27. a3 Ra4 28.
Rad1 Nd6 29. g4 e5 30. fxe5 fxe5 31. Bf2 Qc8 32. h3 Qe6 33. Qh5 Rf4 34. Bg3 g6
35. Qh6 Nf7 36. Qh4 Rxf1+ 37. Rxf1 e4 38. Qf6 e3 39. Qxe6 Rxe6 40. Re1 h5 41.
gxh5 gxh5 42. Bf4 e2 43. Kf2 Rf6 44. Ke3 Re6+ 45. Kf3 Rf6 46. Rxe2 Ng5+ 47. Ke3
Nxh3 48. Be5 Rf5 49. Rg2+ Kf7 50. Rg7+ Ke6 51. Bd4 Nf2 52. Rh7 Nd1+ 53. Ke2 Nxb2
54. Rh6+ Kf7 55. Rh7+ Kg6 56. Rg7+ Kh6 57. Rb7 Nc4 58. Rxb5 Nxa3 59. Be3+ Kg6
60. Rb6+ Kf7 61. Bd4 Nc4 62. Rh6 Ne5 63. Bxe5 Rxe5+ 64. Kf3 Ke7 65. Kf4 Re4+ 66.
Kf5 h4 67. Kg5 Rc4 68. Kf5 Re4 69. Kg5 Re3 70. Kf4 Rxc3 71. Ke5 Rh3 72. Kxd5 Kf7
73. Ke4 Kg7 74. Rh5 Kg6 75. Rh8 Ra3 76. Kf4 h3 77. Kg4 1/2-1/2

[Event "FIDE World Rapid Team"]
[Site "London ENG"]
[Date "2025.06.12"]
[Round "8.1"]
[White "Gelfand, Boris"]
[Black "Nihal, Sarin"]
[Result "0-1"]
[WhiteTitle "GM"]
[BlackTitle "GM"]
[WhiteElo "2652"]
[BlackElo "2696"]
[WhiteTeam "Rishon LeZion Chess Club"]
[BlackTeam "Ashdod Elit Chess Club"]
[WhiteFideId "2805677"]
[BlackFideId "25092340"]
[EventDate "2025.06.11"]
[EventType "team"]

1. d4 e6 2. c4 b6 3. e4 Bb7 4. Nc3 Bb4 5. Bd3 f5 6. Ne2 fxe4 7. Bc2 Nf6 8. O-O
O-O 9. Bg5 Be7 10. Bxf6 Bxf6 11. Nxe4 Nc6 12. Qd2 Ne7 13. Rad1 Nf5 14. N2g3 g6
15. Nxf6+ Qxf6 16. Be4 Bxe4 17. Nxe4 Qg7 18. Rfe1 Rae8 19. Ng3 Kh8 20. d5 e5 21.
Nxf5 gxf5 22. f4 d6 23. Qe3 Re7 24. Rd2 Rfe8 25. Rde2 a5 26. Qc3 e4 27. Re3 Qxc3
28. Rxc3 Kg7 29. a4 Kf6 30. Kf2 Rg8 31. Rg3 Rxg3 32. Kxg3 h5 33. Kf2 h4 34. Ke3
Rg7 35. Re2 Ke7 36. Kd4 Kd7 37. Rd2 Rg8 38. Rc2 c6 39. dxc6+ Kxc6 40. b3 Kd7 41.
Ke3 Ke6 42. Rd2 Rg7 43. Kf2 Rg8 44. Ke3 Rg4 45. Rf2 d5 46. Rd2 d4+ 47. Kxd4 Rxf4
48. Ke3 Rf1 49. Rd5 h3 0-1